Koleksi 75 kisah benar dalam hidup nabi-nabi, para sahabat & tokoh-tokoh Islam / (Record no. 1138)
[ view plain ]
| 000 -LEADER | |
|---|---|
| fixed length control field | nam a22 a 4500 |
| 003 - CONTROL NUMBER IDENTIFIER | |
| control field | AKMAL |
| 005 - DATE AND TIME OF LATEST TRANSACTION | |
| control field | 20170508143350.0 |
| 008 - FIXED-LENGTH DATA ELEMENTS--GENERAL INFORMATION | |
| fixed length control field | 170508s1993 my 00 may d |
| 020 ## - INTERNATIONAL STANDARD BOOK NUMBER | |
| International Standard Book Number | 9839045121 (jil. 1) |
| 020 ## - INTERNATIONAL STANDARD BOOK NUMBER | |
| International Standard Book Number | 9839045156 (jil. 3) |
| 020 ## - INTERNATIONAL STANDARD BOOK NUMBER | |
| International Standard Book Number | 9839045164 (jil. 4) |
| 020 ## - INTERNATIONAL STANDARD BOOK NUMBER | |
| International Standard Book Number | 9839045172 (jil. 5) |
| 040 ## - CATALOGING SOURCE | |
| Original cataloging agency | AKMAL |
| 082 04 - DEWEY DECIMAL CLASSIFICATION NUMBER | |
| Classification number | 297.44 TUJ |
| 090 ## - LOCALLY ASSIGNED LC-TYPE CALL NUMBER (OCLC); LOCAL CALL NUMBER (RLIN) | |
| Classification number (OCLC) (R) ; Classification number, CALL (RLIN) (NR) | 297.44 |
| Local cutter number (OCLC) ; Book number/undivided call number, CALL (RLIN) | TUJ |
| 245 ## - TITLE STATEMENT | |
| Title | Koleksi 75 kisah benar dalam hidup nabi-nabi, para sahabat & tokoh-tokoh Islam / |
| Statement of responsibility, etc. | Penyusun Mohd Najib, Nasir Ahmad |
| 260 ## - PUBLICATION, DISTRIBUTION, ETC. | |
| Place of publication, distribution, etc. | Kuala Lumpur : |
| Name of publisher, distributor, etc. | Jasmin Enterprise, |
| Date of publication, distribution, etc. | 1993 |
| 300 ## - PHYSICAL DESCRIPTION | |
| Extent | Jil. ; |
| Dimensions | 19cm |
| 504 ## - BIBLIOGRAPHY, ETC. NOTE | |
| Bibliography, etc. note | Mengandungi bibliografi |
| 650 ## - SUBJECT ADDED ENTRY--TOPICAL TERM | |
| Topical term or geographic name entry element | Koran stories, Malay |
| 9 (RLIN) | 1888 |
| 650 ## - SUBJECT ADDED ENTRY--TOPICAL TERM | |
| Topical term or geographic name entry element | Islamic stories, Malay |
| 9 (RLIN) | 1556 |
| 700 ## - ADDED ENTRY--PERSONAL NAME | |
| Personal name | Mohd. Najib |
| 9 (RLIN) | 2335 |
| 700 ## - ADDED ENTRY--PERSONAL NAME | |
| Personal name | Nasir Ahamad |
| 9 (RLIN) | 2336 |
| 740 #2 - ADDED ENTRY--UNCONTROLLED RELATED/ANALYTICAL TITLE | |
| Uncontrolled related/analytical title | Koleksi tujuh puluh lima kisah benar dalam hidup nabi-nabi, para sahabat dan tokoh-tokoh Islam |
| 942 ## - ADDED ENTRY ELEMENTS (KOHA) | |
| Source of classification or shelving scheme | |
| Koha item type | Book |
| Withdrawn status | Lost status | Source of classification or shelving scheme | Damaged status | Not for loan | Collection code | Home library | Current library | Shelving location | Date acquired | Inventory number | Total Checkouts | Full call number | Barcode | Date last seen | Price effective from | Koha item type |
|---|---|---|---|---|---|---|---|---|---|---|---|---|---|---|---|---|
| NON-FICTION | AKMAL Melaka | AKMAL Melaka | PINJAMAN | 08.05.2017 | 00534 ( JILID 1) | 297.44 TUJ | 201702303 | 08.05.2017 | 08.05.2017 | Book | ||||||
| NON-FICTION | AKMAL Melaka | AKMAL Melaka | PINJAMAN | 08.05.2017 | 00535 (JILID 3) | 297.44 TUJ | 201702220 | 08.05.2017 | 08.05.2017 | Book | ||||||
| NON-FICTION | AKMAL Melaka | AKMAL Melaka | PINJAMAN | 08.05.2017 | 00536 (JILID 4) | 297.44 TUJ | 201702221 | 08.05.2017 | 08.05.2017 | Book | ||||||
| NON-FICTION | AKMAL Melaka | AKMAL Melaka | PINJAMAN | 08.05.2017 | 00538 (JILID 5) | 297.44 TUJ | 201702222 | 08.05.2017 | 08.05.2017 | Book |
